| 000 | 00974nam a22002775a 4500 | ||
|---|---|---|---|
| 005 | 20160214114908.0 | ||
| 008 | 150803t2014 enka frb 001 0 eng d | ||
| 020 | _a9781292041377 | ||
| 020 | _a1292041374 | ||
| 040 |
_aEG-ScBUE _beng _cEG-ScBUE _dEG-ScBUE |
||
| 082 | 0 | 4 |
_a685.3 _bREB _222 |
| 100 | 1 |
_aRebore, Ronald W. _938277 |
|
| 245 | 1 | 0 |
_aHuman resources administration in educat : _ba management approach / _cRonald W. Rwbore. |
| 246 | 3 |
_aHuman resources administration in education : _ba management approach |
|
| 250 | _a9th ed., Pearson new international ed. | ||
| 260 |
_aHarlow : _bPearson Education Limited, _cc.2014. |
||
| 300 |
_aii, 268 p. : _bill. ; _c28 cm. |
||
| 490 | 0 | _aPearson custom library | |
| 500 | _aIndex : p. 261-267. | ||
| 500 | _aIncludes glossary. | ||
| 504 | _aIncludes bibliographical references. | ||
| 650 | 0 |
_aSchool personnel management. _2BUEsh |
|
| 651 | _2BUEsh | ||
| 653 |
_bBUSADM _cAugust2015 _cFebruary2016 |
||
| 942 | _2ddc | ||
| 999 |
_c20422 _d20394 |
||